Introducción a la lógica

Furkejuvvon:
Bibliográfalaš dieđut
Váldodahkkit: Copi, Irving M (Dahkki), Cohen, Carl (Dahkki)
Materiálatiipa: Girji
Giella:espánnjágiella
Almmustuhtton: Ciudad de México Limusa 2002
Fáttát:
Fáddágilkorat: Lasit fáddágilkoriid
Eai fáddágilkorat, Lasit vuosttaš fáddágilkora!

MARC

LEADER 00000nam a2200000 a 4500
001 UCL7638
003 CL-VaPUC
008 040528e20020000MX |||||||||||||||||spa|d
020 |a 9681848829 
082 0 4 |a 160  |b COP  |2 21 
100 0 |a Copi, Irving M  |e author  |9 245662 
700 0 |a Cohen, Carl  |e author  |9 485466 
245 1 0 |a Introducción a la lógica 
300 |a 698 p 
942 |c BK 
945 |d 20040528 00:00:00  |a cmena 
260 |a Ciudad de México  |b Limusa  |c 2002 
650 0 |a Lógica  |9 256849 
650 0 |a Argumentación   |9 257103 
650 0 |a Psicolingüística   |9 283371 
650 7 |a DEDUCCION  |2 CL-VaPUC  |9 336246 
650 0 |a Razonamiento  |9 256520 
583 |a last modification  |c 20040528 00:00:00  |k Rodrigo Vera 
999 |c 309270  |d 309268 
952 |0 0  |1 0  |4 0  |6 160_000000000000000_COP_2002  |7 0  |8 R  |9 376665  |a BIBEDU  |b BIBEDU  |c MCIRC  |d 2019-11-21  |i 402009K  |l 9  |m 1  |o 160 COP 2002  |p 402009K  |r 2023-01-13  |s 2022-05-09  |w 2019-11-21  |y BK_R  |k FIL